| 000 | 00861cab a2200205 4500 | ||
|---|---|---|---|
| 001 | ##L135372 | ||
| 008 | 061020n2006 000 0 eng u | ||
| 035 | _a(Sirsi) u135372 | ||
| 041 | _aeng | ||
| 100 | 1 | _aHipwell, Deirdre | |
| 245 | 0 | 0 | _aScandinavia |
| 260 | 3 | _c2006 | |
| 490 | 0 |
_aProperty Week _v71(41) 13 October 2006, 75-81(5) |
|
| 520 | _aFocuses on the retail and investment markets in Scandinavia. Looks at Diligentia; one of Stockholm's premier shopping centres which has been put on the market with an estimated price tag of more than £254 million. Considers the Nordic countries which offer solid returns for investors that are willing to acquire a little local knowledge. | ||
| 590 | _aIKA311006 | ||
| 651 | 4 | _aSCANDINAVIA | |
| 690 | _aPROPERTY-COMMERCIAL PROPERTY-COMMERCIAL PROPERTY MARKET | ||
| 700 | 1 | _aMcAllister, Sean | |
| 942 | _n0 | ||
| 999 |
_c77878 _d77878 |
||